Oh là là, voyez-vous ça !
<< Retourner aux résultats de la recherche
| Auteur principal : | Michael Rosen |
|---|---|
| Autres auteurs : | Helen Oxenbury |
| Autres auteurs : | Maurice Lomré |
| Titre : | Oh là là, voyez-vous ça ! |
| Support : | Livres |
| Langue : | Francais |
| Publié : |
2025 Ecole des loisirs Paris |
| Genre : |
Album |
| Collection : |
Pastel |
| Sujets : | |
| Étiquettes : |
Pas de tags
|
| LEADER | 00930nam0a2200229 450 | ||
|---|---|---|---|
| 001 | 16867475 | ||
| 010 | |a 978-2-211-34390-9 |b cart. |d 14,5 | ||
| 100 | |a 20250520d2025 u u0frey01 ba | ||
| 101 | 1 | |a fre |c fre | |
| 102 | |a FR | ||
| 200 | 0 | |a Oh là là, voyez-vous ça ! |f Michael Rosen |g illustrations Helen Oxenbury - traduit de l'anglais par Maurice Lomré | |
| 207 | 1 | |a | |
| 210 | |a Paris |c Ecole des loisirs |d 2025 | ||
| 215 | |a 1 vol. (40 p.) |c illustrations en couleur |d 28 cm | ||
| 225 | 1 | |a Pastel | |
| 330 | |a Entré dans un magasin pour acheter un chapeau élégant et un manteau chaud, le narrateur se retrouve avec des articles inattendus. | ||
| 700 | 0 | |a Rosen |b Michael |4 70 | |
| 701 | 0 | |a Oxenbury |b Helen |f 1938-.... |4 440 | |
| 702 | 0 | |a Lomré |b Maurice |c traducteur |f 1960-.... |4 730 | |
| 900 | |a Album | ||
| 901 | |a Jeunesse | ||
| 995 | |a Médiathèque |c Médiathèque |f 00156010434223 |h 00156010434223 |k A ROS |o p |q j |r az |e Médiathèque | ||